| 000 | 00772cam a22002533a 4500 | ||
|---|---|---|---|
| 001 | 1180 | ||
| 003 | PGUSA | ||
| 005 | 20140828082958.0 | ||
| 008 | 980101s1998||||xxu|||||s|||||000 | eng d | ||
| 040 |
_aPGUSA _beng |
||
| 042 | _adc | ||
| 050 | 4 | _aPA | |
| 100 | 1 |
_aXenophon, _d-431--355 |
|
| 245 | 1 | 4 |
_aThe Sportsman : _bOn Hunting, a Sportsman's Manual, Commonly Called Cynegeticus _h[electronic resource] / _cXenophon |
| 260 |
_bProject Gutenberg, _c1998 |
||
| 506 | _aPublic domain in the USA. | ||
| 516 | _aElectronic text | ||
| 653 | _aSportsmanship -- Early works to 1800 | ||
| 653 | _aClassical literature | ||
| 700 | 1 |
_aDakyns, Henry Graham, _d1838-1911 |
|
| 830 | 0 |
_aProject Gutenberg _v1180 |
|
| 856 | 4 | 0 | _uhttp://www.gutenberg.org/ebooks/1180 |
| 942 | _cEB | ||
| 999 |
_c230528 _d230528 |
||